1790 1148 1381 1711 1991 1755 1250 1287 1159 1108 1129 1637 1335 1685 1367 1027 1976 1837 1025 1923 1447 1899 1500 1519 1977 1401 1323 1400 1332 1656 1722 1856 1859 1052 1240 1900 1653 1385 1985 1812 1532 1067 1250 1512 1552 1282 1851 1971 1831 1593 1999 1758 1292 1805 1046 1238 1829 1433 1773 1662 1113 1599 1081 1674 1592 1983 1761 1241 1884 1329 1661 1509 1873 1568 1888 1971 1174 1966 1137 1168 1907 1319 1893 1720 1606 1707 1617 1757 1158 1136 1555 1046 1676 1986 1651 1543 1306 1224 1422 BCNSPRNW ULIB Ver.6.0+V

เปลี่ยนเป็นภาษาไทย

Change to English
 แสดงรายละเอียดบรรณานุกรม
  กลับหน้าหลัก

Brief Record : Get Marc (ISO 2709) : E-mail record : QR code < ปิดหน้าต่าง
LEADER : 00000nam 2200000uu 4500
001    13399124215
003     ULIB
008    150127s2554||||th 000 0 tha d
020    ^a9789740720492
060  4 ^aQS4^bจ213ร
100 0  ^aจินนี จอนห์สัน
245 10 ^aร่างกายของมนุษย์ การหายใจ : ร่างกายของเราใช้อากาศให้เป็นประโยชน์ได้อย่างไร /^cโดยจินนี จอนห์สัน เขียน แปลโดย ธเรวัติ วัฒนานุกูลกิจ
246 32 ^aร่างกายของเราใช้อากาศให้เป็นประโยชน์ได้อย่างไร
250    ^aพิมพ์ครั้งที่ 4
260    ^aกรุงเทพฯ :^bไทยวัฒนาพานิช,^c2554
650  7 ^aการหายใจ
650  7 ^aร่างกายของมนุษย์
650  7 ^aอวัยวะสำหรับการหายใจ
700 0  ^aธรรมนูญ โรจนะบุรานนท์,^eผู้แปล
945    ^p330^l0^i22795
945    ^p330^l0^i22796
945    ^p330^l0^i22797
945    ^p330^l0^i22798
945    ^p330^l0^i22799
999    ^aทศพร เกษรทอง
รายการนี้ยังไม่มีแท็ก
คุณยังไม่ได้ล็อกอิน คุณสามารถมีกิจกรรมร่วมกับเว็บไซต์ได้ แต่ต้องล็อกอินก่อน ::
  ล็อกอิน

รายการสื่อสารสนเทศ

ลำดับที่ ประเภท เลขเรียก/บาร์โค้ด สถานที่ สถานะ
1. วิทยาศาสตร์การแพทย์ และสุขภาพ
วิทยาศาสตร์การแพทย์ และสุขภาพ
สถานะ=หนังสือเก่า
QS4 จ213ร ฉ.1 
  Barcode: 22795
ห้องสมุดวิทยาเขตนครสวรรค์
►ส่วนจัดเก็บหนังสือเก่า นว.
บนชั้น
  ขอยืม
2. วิทยาศาสตร์การแพทย์ และสุขภาพ
วิทยาศาสตร์การแพทย์ และสุขภาพ
สถานะ=หนังสือเก่า
QS4 จ213ร ฉ.2 
  Barcode: 22796
ห้องสมุดวิทยาเขตนครสวรรค์
►ส่วนจัดเก็บหนังสือเก่า นว.
บนชั้น
  ขอยืม
3. วิทยาศาสตร์การแพทย์ และสุขภาพ
วิทยาศาสตร์การแพทย์ และสุขภาพ
สถานะ=หนังสือเก่า
QS4 จ213ร ฉ.3 
  Barcode: 22797
ห้องสมุดวิทยาเขตนครสวรรค์
►ส่วนจัดเก็บหนังสือเก่า นว.
บนชั้น
  ขอยืม
4. วิทยาศาสตร์การแพทย์ และสุขภาพ
วิทยาศาสตร์การแพทย์ และสุขภาพ
สถานะ=หนังสือเก่า
QS4 จ213ร ฉ.4 
  Barcode: 22798
ห้องสมุดวิทยาเขตนครสวรรค์
►ส่วนจัดเก็บหนังสือเก่า นว.
บนชั้น
  ขอยืม
5. วิทยาศาสตร์การแพทย์ และสุขภาพ
วิทยาศาสตร์การแพทย์ และสุขภาพ
สถานะ=หนังสือเก่า
QS4 จ213ร ฉ.5 
  Barcode: 22799
ห้องสมุดวิทยาเขตนครสวรรค์
►ส่วนจัดเก็บหนังสือเก่า นว.
บนชั้น
  ขอยืม

รายการใกล้เคียง
    ผู้แต่ง [จินนี จอนห์สัน]

    หัวเรื่อง [การหายใจ]
    หัวเรื่อง [ร่างกายของมนุษย์]
    หัวเรื่อง [อวัยวะสำหรับการหายใจ]

BibComment


ยังไม่เคยถูกคอมเมนท์

คอมเมนท์ทรัพยากรรายการนี้
  คอมเมนท์: ร่างกายของมนุษย์..


 Copyright 2026. Bcnsprnw @Library